| 000 | 00482nam a2200193Ia 4500 | ||
|---|---|---|---|
| 003 | OSt | ||
| 005 | 20220630145730.0 | ||
| 008 | 210210b1978 xxu||||| |||| 00| 0 eng d | ||
| 040 | _cAL | ||
| 041 | _aeng | ||
| 082 | _a338.954 SANE | ||
| 100 |
_aSANKARAN (S) _946301 |
||
| 245 | _aEconomic development of India | ||
| 260 |
_aBombay _bProgressive Corporation Pvt Ltd. _c1978 |
||
| 300 | _axxvii,1069 | ||
| 690 |
_aIndian Economics _946302 |
||
| 906 | _aSG01521 | ||
| 942 |
_2ddc _cBK |
||
| 999 |
_c112960 _d112960 |
||